Tourfilm Slovakia rozbieha novú tradíciu v oblasti propagácie cestovného ruchu

Ciele festivalu Tourfilm Slovakia - propagácia krás a turistických atrakcií Slovenska cestou filmovej tvorby. Turistické a cestopisné filmy majú vysokú vypovedaciu hodnotu doma i v zahraničí. Festival Tourfilm Slovakia odštartoval na tohtoročnom medzinárodnom veľtrhu cestovného ruchu Slovakiatour '9...

ver descrição completa

Na minha lista:
Detalhes bibliográficos
Autor principal: Kuminiaková, Viera
Formato: Capítulo de Livro
Idioma:eslovaco
Assuntos:
Tags: Adicionar Tag
Sem tags, seja o primeiro a adicionar uma tag!

MARC

LEADER 00000naa a2200000 4500
001 r033201
005 20230921102138.6
041 0 |a slo 
044 |a SK 
245 1 0 |a Tourfilm Slovakia rozbieha novú tradíciu v oblasti propagácie cestovného ruchu  |c Viera Kuminiaková 
520 |a Ciele festivalu Tourfilm Slovakia - propagácia krás a turistických atrakcií Slovenska cestou filmovej tvorby. Turistické a cestopisné filmy majú vysokú vypovedaciu hodnotu doma i v zahraničí. Festival Tourfilm Slovakia odštartoval na tohtoročnom medzinárodnom veľtrhu cestovného ruchu Slovakiatour '98 v Bratislave. Perspektíva usporadúvania ďalších ročníkov festivalu. 
610 2 0 |a ruch cestovný 
610 2 0 |a propagácia 
610 2 0 |a reklama 
610 2 0 |a film 
610 2 0 |a Slovensko 
610 2 0 |a Tourfilm Slovakia 
100 1 |a Kuminiaková, Viera